000 00592nam a2200217Ia 4500
003 OSt
005 20230503141654.0
008 210423s2020 xx 000 0 und d
020 _a978-1-108-74473-7
040 _cAL
041 _aeng
082 _a331.0954
_223
_bBREC
100 _aBREMAN (Jan)
_997110
245 _aCapitalism inequality and labour in India
260 _aNew Delhi
_bCambridge University Press
_c2020
300 _axvi,286
_bPB
365 _b595
_cINR
650 _aLabour Economics
_997111
906 _aCapitalism ; India ; inequality ; labour
942 _2ddc
_cBK
999 _c170792
_d170792